| 000 | 01282cab a2200373 4500 | ||
|---|---|---|---|
| 001 | ABS49633 | ||
| 008 | 090401t1993 xxu||||| |||| 00| 0 eng d | ||
| 035 | _a(Sirsi) u72030 | ||
| 041 | _aeng | ||
| 245 | _aSpecial report: UK ports and airports | ||
| 260 | _c1993 | ||
| 350 | _a0 | ||
| 490 |
_aCSW - The Property Week _v45(5) 4 November 1993, 35-56(12) |
||
| 520 | _aCovers the deregulation of air transport and the effects of this on airports, the impact on commercial property of access to airports and debate on another runway for London. Also assesses the impact of the Channel tunnel on ports, the problems with waterside developments and development opportunities for ports. | ||
| 650 | _aAIRPORTS | ||
| 650 | _aASSOCIATED BRITISH PORTS | ||
| 650 | _aCHANNEL TUNNEL | ||
| 650 | _aDOCKLAND DEVELOPMENT | ||
| 650 | _aEAST COAST PORTS | ||
| 650 | _aHEATHROW AIRPORT | ||
| 650 |
_aInfrastructure _96246 |
||
| 650 | _aLIVERPOOL AIRPORT | ||
| 650 | _aLONDON DOCKLANDS | ||
| 650 | _aLONDON | ||
| 650 | _aPASSENGERS | ||
| 650 | _aPORTS | ||
| 650 | _aRUCATSE | ||
| 650 | _aSOUTHAMPTON | ||
| 650 | _aSTANSTED AIRPORT | ||
| 650 | _aTERMINAL 5 | ||
| 690 | _aPROPERTY-COMMERCIAL PROPERTY-COMMERCIAL PROPERTY MARKET | ||
| 942 | _n0 | ||
| 948 | _c04/03/1997 | ||
| 999 |
_c45442 _d45442 |
||